000 00408nam a22001697a 4500
003 OSt
008 250117b |||||||| |||| 00| 0 eng d
082 _a615.19 JAP
100 _aJayalakshmi, B
245 _aPharmaceutical Chemistry
250 _aIst 2021
260 _aMadurai
_bSatya Pub.
300 _a354
650 _aPharmaceutical Inorganic Chemistry
700 _aMurugesh, N
942 _2ddc
_cREF
999 _c12999
_d12999